Špecifiká informačných systémov a komunikácie so zákazníkmi v oblasti cestovných kancelárií diplomová práca

Salvato in:
Dettagli Bibliografici
Autore principale: König, Kristian
Ente Autore: Obchodná fakulta EU. Katedra informatiky obchodných firiem
Altri autori: Polášek, Ivan
Natura: Libro
Lingua:slovacco
Pubblicazione: Bratislava 2010
Tags: Aggiungi Tag
Nessun Tag, puoi essere il primo ad aggiungerne!!

MARC

LEADER 00000nam a2200000 4500
001 0121309
005 20240318123548.1
041 0 |a slo 
044 |a SK 
245 1 0 |a Špecifiká informačných systémov a komunikácie so zákazníkmi v oblasti cestovných kancelárií  |b diplomová práca  |c Kristian König ; škol. Ivan Polášek 
264 1 |a Bratislava  |c 2010 
300 |a 61 s. 
100 1 |a König, Kristian 
700 1 |a Polášek, Ivan 
710 2 |a Obchodná fakulta EU. Katedra informatiky obchodných firiem